000 00594nam a2200181 i 4500
001 45582
003 ES-MaACL
005 20230906161237.0
007 t|
008 030326s1972 sp ||||1| spa d
100 1 _aCohn, Norman.
_939525
245 1 0 _aEn pos del milenio
_b: revolucionarios milenalistas y anarquistas místicos de la Edad Media /
_cNorma Cohn ; [traducción de Ramón Alaix Busquets].
250 _a[1ª ed.].
260 _a[Barcelona] :
_bBarral,
_c1972.
300 _a437 p. ;
_c23 cm.
700 1 _aAlaix Busquets, Ramón.
_919088
852 _aES-MaACL
_jC-49278
_bR.84447
999 _c45582
_d45582